000 00849nam a22002055i 4500
001 178636
003 ES-MaACL
005 20230906220557.0
008 110609s1970 sp d |||| | spa d
080 _a616:391.91
100 1 _aCamps Piera, Juan.
_9147052
245 1 0 _aValoración médico legal de los tatuajes /
_cresumen de la tesis presentada para aspirar al grado de doctor en medicina por Juan Camps Piera.
260 _aBarcelona :
_bUniversidad de Barcelona, Secretariado de Publicaciones, Intercambio Científico y Extensión Universitaria :
_bIvern,
_c1970.
300 _a23 p. :
_bil. bl. y n. ;
_c24 cm.
500 _aCub. tomada como port.
504 _aBibliografía: p. 23.
650 _aTatuajes-
_xAspectos sanitarios.
_9147053
710 2 _aUniversidad de Barcelona.
_97141
852 _aES-MaACL
_jE-15361 (42)
_xOlim P-1374
999 _c178636
_d178636